Kto Był Wtedy Na Boisku ME 2016 Polska 1-1 Szwajcaria - Statystyki

Ogólne statystyki
  • Ten quiz został rozwiązany 373 razy
  • Średni wynik to 12 z 14
Statystyki odpowiedzi
Pozycja Odpowiedź % Poprawnych
N Lewandowski
100%
Bramkarz Fabiański
99%
ŚO Glik
97%
N Milik
97%
PP Błaszczykowski
96%
Trener Nawałka
96%
ŚP Krychowiak
94%
ŚO Pazdan
93%
PO Piszczek
92%
LP Grosicki
91%
LO Jędrzejczyk
74%
ŚP Mączyński
68%
Rezerwowy Peszko
42%
Rezerwowy Jodłowiec
39%
Nie znaleziono quizów pasujących do podanych kryteriów
Rozkład punktacji
Procent ludzi z każdym wynikiem
Percentyl według liczby udzielonych odpowiedzi
Twoja historia wyników
Nie rozwiązałeś tego quizu